[Event "4NCL Division 1b"]
[Site "Northampton, ENG"]
[Date "2018.02.11"]
[Round "6.72"]
[White "Sowray, Peter J"]
[Black "Murphy, Conor E"]
[Result "1-0"]
[WhiteElo "2363"]
[BlackElo "2308"]
[PlyCount "93"]
[EventDate "2018.02.11"]
[WhiteTeam "Barbican 4NCL 1"]
[BlackTeam "Cambridge University 1"]

1. d4 Nf6 2. c4 e6 3. Nc3 Bb4 4. e3 O-O 5. Nge2 c6 6. a3 Ba5 7. Qc2 d5 8. Ng3
Nbd7 9. Be2 dxc4 10. Bxc4 e5 11. O-O exd4 12. exd4 Bc7 13. Re1 Nb6 14. Ba2 Nfd5
15. Nce4 Nf4 16. Bxf4 Bxf4 17. Rad1 Nd5 18. Nc5 Bg4 19. f3 Bc8 20. Qe4 Qg5 21.
Nf1 Bh3 22. Qc2 Ne3 23. Nxe3 Bxe3+ 24. Kh1 b6 25. Ne4 Bf5 26. Qd3 Bxe4 27. fxe4
Bf4 28. e5 Qh5 29. g3 Bh6 30. Rf1 c5 31. Rf5 Qg4 32. Rdf1 Qxd4 33. Qxd4 cxd4
34. Bxf7+ Kh8 35. e6 g6 36. Rd5 Rae8 37. Kg2 Re7 38. Rxd4 Rc8 39. Rd7 Rxd7 40.
exd7 Rc2+ 41. Kh3 Rd2 42. Be6 Bg5 43. Kg4 Be7 44. Rf7 h5+ 45. Kf3 Bg5 46. h4
Bh6 47. Re7 1-0